Statistics for World's Top 10 Airlines

Click here to take the quiz!

General Stats

  • This quiz has been taken 23 times
  • The average score is 6 of 10

Answer Stats

RankContinentAirline% Correct
7EuropeLufthansa
96%
4Middle EastEmirates
96%
2Middle EastQatar Airways
87%
1AsiaSingapore Airlines
78%
6AsiaCathay Pacific
70%
10AsiaThai Airways
70%
3AsiaANA All Nippon Airways
48%
9AsiaGaruda Indonesia
39%
8AsiaHainan Airlines
35%
5AsiaEVA Air
9%

Score Distribution

Percentile by Number Answered

Percent of People with Each Score

Your Score History

You have not taken this quiz